Komparácia dôchodkových systémov krajín V4 v kontexte finančnej udržateľnosti diplomová práca

Gespeichert in:
Bibliographische Detailangaben
1. Verfasser: Kubaľová, Martina
Körperschaft: Národohospodárska fakulta EU. Katedra sociálneho rozvoja a práce
Weitere Verfasser: Rievajová, Eva
Format: Buch
Sprache:Slowakisch
Veröffentlicht: Bratislava 2013
Tags: Tag hinzufügen
Keine Tags, Fügen Sie das erste Tag hinzu!

MARC

LEADER 00000nbm a2200000 4500
001 0177471
005 20170201085147.4
041 0 |a slo 
044 |a SK 
245 1 0 |a Komparácia dôchodkových systémov krajín V4 v kontexte finančnej udržateľnosti  |b diplomová práca  |c Martina Kubaľová ; školiteľ: Silvia Šipikalová 
264 1 |a Bratislava  |c 2013 
300 |a 78 s. 
100 1 |a Kubaľová, Martina 
700 1 |a Rievajová, Eva 
710 2 |a Národohospodárska fakulta EU. Katedra sociálneho rozvoja a práce